[Event "Sharjah Masters 7th"]
[Site "Sharjah"]
[Date "2024.05.17"]
[Round "4"]
[White "Can, Emre"]
[Black "Avila Pavas, Santiago"]
[Result "1-0"]
[WhiteElo "2549"]
[BlackElo "2516"]
[PlyCount "123"]
[EventDate "2024.05.14"]
[EventType "swiss"]
[EventRounds "9"]
[EventCountry "UAE"]
[SourceTitle "CB21_2024"]
[SourceDate "2024.05.22"]
[SourceVersion "1"]
[SourceVersionDate "2024.05.22"]
[SourceQuality "1"]

1. e4 c6 2. d4 d5 3. e5 Bf5 4. h4 h5 5. Bd3 Bxd3 6. Qxd3 Qa5+ 7. Nd2 e6 8. Ngf3 Qa6 9. c4 Bb4 10. b3 Nd7 11. 0-0 Ne7 12. Rd1 Nf5 13. a4 Rd8 14. Nf1 Be7 15. Bg5 Bxg5 16. hxg5 dxc4 17. bxc4 Nf8 18. Rab1 Ng6 19. Qb3 0-0 20. Ne3 Nxe3 21. fxe3 b6 22. Kf2 c5 23. Qb5 Qc8 24. a5 Rd7 25. dxc5 Rxd1 26. Rxd1 bxc5 27. Rd7 a6 28. Qb7 Qe8 29. Rd2 Qb8 30. Rb2 Qd8 31. Qxa6 Qd3 32. Qd6 Qa3 33. Qd2 Qa4 34. Qc3 Ra8 35. Rb5 Qa2+ 36. Kg3 h4+ 37. Kh2 Rd8 38. Qb2 Qxc4 39. Rb8 Rxb8 40. Qxb8+ Kh7 41. Qb7 Qg4 42. a6 Qg3+ 43. Kh1 h3 44. Ng1 Nxe5 45. Qe4+ g6 46. gxh3 c4 47. Qf4 Qxf4 48. exf4 Nc6 49. Ne2 Kg7 50. Kg2 Kf8 51. Kf3 Ke7 52. Ke3 Kd6 53. Nd4 Na7 54. Nf3 Kc5 55. Ne5 Kb4 56. Nxf7 c3 57. Ne5 Kb3 58. Nd3 Kc2 59. h4 Kb1 60. h5 c2 61. hxg6 Nc6 62. g7 1-0

[Event "Dubai Police op-A"]
[Site "Dubai"]
[Date "2024.05.07"]
[Round "4"]
[White "Can, Emre"]
[Black "Krishna, C Revanth Gopala"]
[Result "1/2-1/2"]
[WhiteElo "2549"]
[BlackElo "2440"]
[PlyCount "87"]
[EventDate "2024.05.04"]
[EventType "swiss"]
[EventRounds "9"]
[EventCountry "UAE"]
[SourceTitle "CB20_2024"]
[SourceDate "2024.05.16"]
[SourceVersion "1"]
[SourceVersionDate "2024.05.16"]
[SourceQuality "1"]

1. e4 e6 2. d4 d5 3. e5 c5 4. c3 Nc6 5. Nf3 Bd7 6. Be2 f6 7. 0-0 fxe5 8. Nxe5 Nxe5 9. dxe5 Qc7 10. Re1 0-0-0 11. a4 c4 12. b4 cxb3 13. Na3 Bc5 14. Qxb3 Ne7 15. Bd3 Ng6 16. Bxg6 hxg6 17. Be3 Bxe3 18. Rxe3 Rh5 19. Nb5 Bxb5 20. axb5 b6 21. Qa4 Kb8 22. h3 Rdh8 23. Qa3 Rd8 24. Qa4 Rdh8 25. Qb4 Rd8 26. Re2 Rd7 27. Rea2 Qd8 28. Qg4 Qe8 29. Ra6 Rb7 30. c4 dxc4 31. Qxc4 Rf5 32. R6a3 Rff7 33. Qg4 Rfd7 34. Rf3 Rd5 35. Ra4 Rc7 36. Raf4 Qxb5 37. Qxe6 Rxe5 38. Rf8+ Kb7 39. Qg8 Re1+ 40. Kh2 Qe5+ 41. g3 Rcc1 42. Qf7+ Rc7 43. Qg8 Rcc1 44. Qf7+ 1/2-1/2

[Event "Dubai Police op-A"]
[Site "Dubai"]
[Date "2024.05.04"]
[Round "1"]
[White "Boldoo, Erdenepurev"]
[Black "Can, Emre"]
[Result "0-1"]
[WhiteElo "2375"]
[BlackElo "2549"]
[PlyCount "86"]
[EventDate "2024.05.04"]
[EventType "swiss"]
[EventRounds "9"]
[EventCountry "UAE"]
[SourceTitle "CB20_2024"]
[SourceDate "2024.05.16"]
[SourceVersion "1"]
[SourceVersionDate "2024.05.16"]
[SourceQuality "1"]

1. d4 d5 2. c4 e6 3. Nc3 Nf6 4. cxd5 exd5 5. Bg5 Bb4 6. e3 h6 7. Bxf6 Qxf6 8. Bd3 c6 9. Nge2 0-0 10. 0-0 Re8 11. a3 Bd6 12. e4 dxe4 13. Nxe4 Qd8 14. N2c3 Be6 15. Nc5 Bxc5 16. dxc5 Nd7 17. b4 a5 18. Ne4 axb4 19. axb4 Rxa1 20. Qxa1 Bf5 21. Qb1 Ne5 22. Bc2 Nc4 23. Rd1 Qe7 24. Nf6+ Qxf6 25. Bxf5 g6 26. Qc2 Nb2 27. Rb1 Qxf5 28. Qxb2 Re2 29. Qc2 Rd2 30. Qxd2 Qxb1+ 31. Qe1 Qb3 32. Qf1 Qxb4 33. Qc1 h5 34. h3 b6 35. cxb6 Qxb6 36. Qc4 Qb1+ 37. Kh2 Qb5 38. Qd4 Qd5 39. Qf6 c5 40. g4 Qd4 41. Qxd4 cxd4 42. Kg3 f5 43. f4 d3 0-1

[Event "Rome City op 5th"]
[Site "Rome"]
[Date "2023.12.04"]
[Round "1"]
[White "Can, Emre"]
[Black "Garcia Martinez, Marcos"]
[Result "1-0"]
[WhiteElo "2563"]
[BlackElo "2168"]
[PlyCount "47"]
[EventDate "2023.12.04"]
[EventType "swiss"]
[EventRounds "9"]
[EventCountry "ITA"]
[SourceTitle "CB50_2023"]
[SourceDate "2023.12.13"]
[SourceVersion "1"]
[SourceVersionDate "2023.12.13"]
[SourceQuality "1"]

1. d4 e6 2. c4 Bb4+ 3. Nd2 Nf6 4. Ngf3 0-0 5. a3 Bxd2+ 6. Qxd2 a5 7. b3 Ne4 8. Qc2 f5 9. e3 b6 10. Be2 Bb7 11. 0-0 d6 12. Bb2 Nd7 13. d5 e5 14. Nd2 Nxd2 15. Qxd2 Nc5 16. Qc2 b5 17. cxb5 Bxd5 18. Bc4 Bxc4 19. Qxc4+ Rf7 20. Bxe5 Nxb3 21. Qxb3 dxe5 22. a4 Qe7 23. Rac1 Qb4 24. Qd5 1-0

[Event "EU-chT 24th"]
[Site "Budva"]
[Date "2023.11.13"]
[Round "3.2"]
[White "Can, Emre"]
[Black "Petrov, Nikita"]
[Result "1-0"]
[WhiteElo "2566"]
[BlackElo "2567"]
[PlyCount "79"]
[EventDate "2023.11.11"]
[EventType "team-swiss"]
[EventRounds "9"]
[EventCountry "MNE"]
[SourceTitle "CB47_2023"]
[SourceDate "2023.11.22"]
[SourceVersion "1"]
[SourceVersionDate "2023.11.22"]
[SourceQuality "1"]
[WhiteTeam "Turkey"]
[BlackTeam "Montenegro"]
[WhiteTeamCountry "TUR"]
[BlackTeamCountry "MNE"]

1. d4 Nf6 2. c4 e6 3. Nf3 d5 4. g3 dxc4 5. Bg2 Nc6 6. 0-0 Rb8 7. Nc3 a6 8. e4 Be7 9. d5 exd5 10. exd5 Nb4 11. Ne5 Bf5 12. Nxc4 0-0 13. a3 Nd3 14. Be3 Re8 15. b4 Bd6 16. Ba7 Rc8 17. Bd4 Ne5 18. Na5 b6 19. Nb7 Qd7 20. Nxd6 Qxd6 21. h3 Nd3 22. Qf3 c5 23. Qxf5 cxd4 24. Qxd3 dxc3 25. Rac1 Qe5 26. Rc2 g6 27. Rfc1 Rcd8 28. Qxc3 Qf5 29. Qc6 Nxd5 30. Bxd5 Qxd5 31. Qxb6 Qf3 32. Rc3 Rd1+ 33. Rxd1 Qxd1+ 34. Kh2 Re1 35. Qb7 Qd4 36. Qf3 Rf1 37. Rc8+ Kg7 38. Kg2 Qa1 39. Rc7 Rg1+ 40. Kh2 1-0

[Event "Qatar Masters op"]
[Site "Doha"]
[Date "2023.10.15"]
[Round "5"]
[White "Can, Emre"]
[Black "Srihari, LR."]
[Result "0-1"]
[WhiteElo "2576"]
[BlackElo "2438"]
[PlyCount "90"]
[EventDate "2023.10.11"]
[EventType "swiss"]
[EventRounds "9"]
[EventCountry "QAT"]
[SourceTitle "Mega2024 Update 01"]
[Source "Chessbase"]
[SourceDate "2023.11.12"]
[SourceVersion "1"]
[SourceVersionDate "2023.11.12"]
[SourceQuality "1"]

1. d4 d5 2. c4 c6 3. Nf3 Nf6 4. e3 Bf5 5. Nc3 e6 6. Nh4 Be4 7. f3 Bg6 8. Bd2 dxc4 9. Nxg6 hxg6 10. Bxc4 b5 11. Be2 Nbd7 12. Qc2 a6 13. f4 c5 14. Bf3 cxd4 15. exd4 Rc8 16. Qd3 Be7 17. 0-0 0-0 18. Kh1 Rc4 19. Be3 Nb6 20. Rac1 Qd7 21. b3 Rc7 22. Ne2 Nbd5 23. Rxc7 Qxc7 24. Rc1 Qa5 25. Ra1 Ba3 26. g4 Rc8 27. g5 Nb4 28. Qd2 Nfd5 29. Bxd5 exd5 30. f5 Rc2 31. Qd1 gxf5 32. g6 fxg6 33. Nf4 Qc7 34. Qf3 g5 35. Rg1 gxf4 36. Bxf4 Qe7 37. Be5 Rc1 38. Qxf5 Rxg1+ 39. Kxg1 Nxa2 40. Qc8+ Qf8 41. Qe6+ Qf7 42. Qxa6 Qf3 43. Bg3 Qd1+ 44. Kg2 Qe2+ 45. Kh3 Bf8 0-1